NLSUI OPAC header image

The hedgehog and the fox : (Record no. 41464)

MARC details
000 -LEADER
fixed length control field 00877cam a2200241 a 4500
005 - DATE AND TIME OF LATEST TRANSACTION
control field 20260522164205.0
008 - FIXED-LENGTH DATA ELEMENTS--GENERAL INFORMATION
fixed length control field 921117r19931953ilu b 001 0 eng
020 ## - INTERNATIONAL STANDARD BOOK NUMBER
International Standard Book Number 1566630193 (pbk.)
082 00 - DEWEY DECIMAL CLASSIFICATION NUMBER
Classification number 891.733 BER
100 1# - MAIN ENTRY--PERSONAL NAME
Personal name Berlin, Isaiah.
245 14 - TITLE STATEMENT
Title The hedgehog and the fox :
Remainder of title an essay on Tolstoy's view of history /
Statement of responsibility, etc. Isaiah Berlin.
250 ## - EDITION STATEMENT
Edition statement 1st Elephant paperback ed.
260 ## - PUBLICATION, DISTRIBUTION, ETC.
Place of publication, distribution, etc. Chicago :
Name of publisher, distributor, etc. Ivan R. Dee, Publisher,
Date of publication, distribution, etc. 1993.
300 ## - PHYSICAL DESCRIPTION
Extent 85 p. ;
Dimensions 20 cm.
365 ## - TRADE PRICE
Price amount RS.2758
650 #0 - SUBJECT ADDED ENTRY--TOPICAL TERM
Topical term or geographic name entry element History
650 #0 - SUBJECT ADDED ENTRY--TOPICAL TERM
Topical term or geographic name entry element Essay
650 #0 - SUBJECT ADDED ENTRY--TOPICAL TERM
Topical term or geographic name entry element Philosophy.
906 ## - LOCAL DATA ELEMENT F, LDF (RLIN)
a 7
b cbc
c orignew
d 1
e ocip
f 19
g y-gencatlg
942 ## - ADDED ENTRY ELEMENTS (KOHA)
Source of classification or shelving scheme Dewey Decimal Classification
Koha item type BOOKs
Holdings
Withdrawn status Lost status Damaged status Not for loan Home library Current library Shelving location Date acquired Cost, normal purchase price Total Checkouts Full call number Barcode Date last seen Date last checked out Price effective from Koha item type
        NLS NLS General Stacks 30/05/2017 2755.00 1 891.733 BER 34815 03/04/2025 01/04/2025 30/05/2017 BOOKs